| 000 | 01955cam a2200349 a 4500 | ||
|---|---|---|---|
| 001 | 8497000 | ||
| 005 | 20220326193302.0 | ||
| 008 | 110129s2010 sp a b 000 0 spa d | ||
| 020 |
_a9788492572205 (Actar) : _c18.00 EUR |
||
| 020 |
_a9788492572205 (MUSAC) : _c18.00 EUR |
||
| 035 | _a(OCoLC)716094747 | ||
| 035 | _a(OCoLC)ocn716094747 | ||
| 035 | _a(ItFiC)it 60704450 | ||
| 035 | _a(NNC)8497000 | ||
| 040 |
_aItFiC _cItFiC |
||
| 082 |
_a069.07 _bM986e |
||
| 110 |
_aEducación y acción cultural MUSAC _91481 |
||
| 245 | 0 | 0 |
_aExperiencias de aprendizaje con el arte actual en las políticas de la diversidad : _beducación y acción cultural MUSAC / _c[edición y coordinación, Belén Sola Pizarro]. |
| 260 |
_aBarcelona ; _aNew York : _bActar ; _aLeón : _bMUSAC, _c[2010] |
||
| 300 |
_a147 p. : _bill. ; _c23 cm. |
||
| 504 | _aIncludes bibliographical references. | ||
| 505 |
_tExperiencias de aprendizaje con el arte actual en las políticas de la diversidad _tEl DEAC, aparato digestivo del MUSAC _rOlaia Fontal Merillas _tMediacion, inclusión y experiencias de aprendizaje en el DEAC MUSAC _rBelén Sola _tComunidades 1 _rAmparo Moroño / Belén Sola _tComunidades 2 _rNadia Texeira/ Amparo Moroño/ Mario Campelo _tMUSAC Escuela: Las posibilidades del museo con las aulas _rAntonio Gonzales Chamorro _tProyecto pequeamigos: síntesis de experiencias _rJulia Ruth Gallego y Cristina Viñuela Lopez _tDesde las practicas: itinerarios de un trabajo de ida y vuelta. _rBelén Sola _tMemoria de actividades |
||
| 650 | 0 |
_aMuseums _xEducational aspects. _zMuseo de Arte Contemporáneo de Castilla y León _91482 |
|
| 650 | 0 |
_aArt, Modern. _9166 |
|
| 700 | 1 |
_aSola Pizarro, Belén. _91483 |
|
| 710 | 2 |
_aMuseo de Arte Contemporáneo de Castilla y León. _91484 |
|
| 856 | 4 | 2 |
_uhttp://www.columbia.edu/cgi-bin/cul/resolve?clio8497000 _3TOC |
| 910 | _aSupplied on B.O. | ||
| 948 | 1 |
_a20110414 _bc _crhg9 _dOSMC |
|
| 990 | _b18.00 EUR | ||
| 999 |
_c313 _d313 |
||